[Event "Bordeaux op"]
[Site "Bordeaux"]
[Date "2006.??.??"]
[Round "4"]
[White "Gigot, Balthazar"]
[Black "Loyarte, Frederic"]
[Result "1-0"]
[WhiteElo "1470"]
[BlackElo "1200"]
[PlyCount "115"]
[EventDate "2005.??.??"]
[EventType "swiss"]
[EventRounds "7"]
[EventCountry "FRA"]
[SourceTitle "EXT 2007"]
[Source "ChessBase"]
[SourceDate "2006.11.23"]
[SourceVersion "1"]
[SourceVersionDate "2006.11.23"]
[SourceQuality "1"]

1. e4 e5 2. Nf3 Nc6 3. Bb5 Nf6 4. 0-0 a6 5. Ba4 Bd6 6. Re1 0-0 7. d4 b5 8. Bb3 Bb7 9. c3 Re8 10. Bc2 b4 11. Bg5 h6 12. Bh4 Qe7 13. Nbd2 bxc3 14. bxc3 Na5 15. d5 Bc5 16. Ba4 c6 17. c4 cxd5 18. cxd5 Red8 19. Rc1 d6 20. Qc2 g5 21. Bg3 Bc8 22. Qc3 Bb6 23. Rb1 Qc7 24. Qxc7 Bxc7 25. Rec1 Bb8 26. h4 g4 27. Nh2 h5 28. Nhf1 Ba7 29. Ne3 Rb8 30. Rxb8 Bxb8 31. Kf1 Kf8 32. Ke2 Ke7 33. f3 gxf3+ 34. gxf3 Nb7 35. Ndc4 Nc5 36. Bc6 Bd7 37. Nf5+ Bxf5 38. exf5 e4 39. Re1 Nd3 40. Rd1 Nb4 41. a4 Nxc6 42. dxc6 Ne8 43. fxe4 Rc8 44. Na5 Nf6 45. Kf3 Bc7 46. Nb7 Bb8 47. Bxd6+ Bxd6 48. Rxd6 Ne8 49. Rd7+ Kf6 50. Rd8 Rxd8 51. Nxd8 Nc7 52. Ke3 Ke7 53. Nb7 f6 54. Kd4 Na8 55. Kd5 Nc7+ 56. Kc5 Na8 57. a5 Nc7 58. Kb6 1-0